| 000 | 00420nam a22001697a 4500 | ||
|---|---|---|---|
| 005 | 20160628114729.0 | ||
| 008 | 160628b xxu||||| |||| 00| 0 eng d | ||
| 020 | _a81-229-0172-7 | ||
| 041 | _aeng | ||
| 082 | _b10762 | ||
| 100 |
_aBudden Baum, Judith M _92886 |
||
| 245 | _aReporting News About Religion | ||
| 260 |
_bsurjeet Publications _c2004 |
||
| 300 | _a213 | ||
| 650 |
_aMass Communication _92660 |
||
| 942 | _cBK | ||
| 999 |
_c4405 _d4404 |
||